00826nac a22002051u 4500010001700000020002800017082001800045090001500063100003400078245011900112260005300231300003500284500002700319504006600346511002800412650002300440942002000463999001500483952012200498 a 2001019593 a1567204759 (alk. paper)00a658.4012bTRU c5962d5962 aTruitt, Wesley B., 10aBusiness planning :ba comprehensive framework and process /cWesley B. Truitt ; foreword by JoseÌ? de la Torre. aWestport, Conn. :bQuorum Books,c.2002.cc.2002. axvii, 222 p. :bill. ;c25 cm. aDistributer: Al-Ahram. aIncludes bibliographical references (p. [197]-211) and index. aCatalogued By: Mahitab. 0aBusiness planning. cBBk658.4012TRU c5962d5962 00104070aMAINbMAINc1STd2011-11-07ePurchasel5m13o658.4012TRUp000006982r2025-07-15 00:00:00s2024-11-18yBB